[Event "Guillermo Garcia Prem II"]
[Site "Santa Clara CUB"]
[Date "2004.05.22"]
[Round "2"]
[White "De la Paz, Francisco"]
[Black "Zugic, Igor"]
[Result "1/2-1/2"]
[WhiteElo "2449"]
[BlackElo "2478"]
[PlyCount "79"]
[EventDate "2004.05.20"]
[EventType "tourn"]
[EventRounds "13"]
[EventCountry "CUB"]
[EventCategory "8"]
[Source "Mark Crowther"]
[SourceDate "2004.05.31"]

1. e4 e6 2. d4 d5 3. Nd2 c5 4. Ngf3 Nc6 5. exd5 exd5 6. Bb5 Bd6 7. O-O Nge7 8.
dxc5 Bxc5 9. Nb3 Bd6 10. Re1 O-O 11. Bg5 Qc7 12. Nbd4 a6 13. Ba4 h6 14. Bh4
Nxd4 15. Qxd4 Nf5 16. Qxd5 b5 17. Bb3 Nxh4 18. Nxh4 Bb7 19. Qh5 Bxh2+ 20. Kh1
Kh8 21. Rad1 Bf4 22. Nf5 Rad8 23. Qg4 g6 24. Nh4 Bg5 25. Rd4 Kg7 26. Red1 Bc8
27. Qf3 Rxd4 28. Rxd4 Bf6 29. Rf4 Be5 30. Nxg6 Bxf4 31. Nxf4 Qe5 32. Qg3+ Kh7
33. Bxf7 Qg5 34. Bg6+ Kh8 35. Qc3+ Qf6 36. Qc7 Qg7 37. Qd6 Qf6 38. Qc7 Qg7 39.
Qd6 Qf6 40. Qc7 1/2-1/2

[Event "Guillermo Garcia Prem II"]
[Site "Santa Clara CUB"]
[Date "2004.05.23"]
[Round "3"]
[White "Zugic, Igor"]
[Black "Abreu, Aryam"]
[Result "1-0"]
[WhiteElo "2478"]
[BlackElo "2459"]
[PlyCount "119"]
[EventDate "2004.05.20"]
[EventType "tourn"]
[EventRounds "13"]
[EventCountry "CUB"]
[EventCategory "8"]
[Source "Mark Crowther"]
[SourceDate "2004.05.31"]

1. d4 d5 2. c4 c6 3. Nf3 Nf6 4. Nc3 e6 5. cxd5 exd5 6. Bg5 Be7 7. Qc2 g6 8. e4
dxe4 9. Bxf6 Bxf6 10. Qxe4+ Qe7 11. Bc4 Nd7 12. O-O-O Nb6 13. Bb3 O-O 14. Qf4
Qd8 15. h4 Nd5 16. Bxd5 cxd5 17. Kb1 b5 18. g4 b4 19. Ne2 Bg7 20. h5 g5 21. Qg3
b3 22. h6 bxa2+ 23. Ka1 Bf6 24. Ne5 Ba6 25. Nc3 Qd6 26. f4 Rab8 27. Rd2 Rb3 28.
Rh5 Rfb8 29. fxg5 Bd8 30. Qf3 Qe6 31. Rf2 Ba5 32. Qf6 Qxf6 33. gxf6 R8b7 34.
Rh3 Bc4 35. Nxc4 dxc4 36. Re3 Kf8 37. Rfe2 Rb8 38. Kxa2 R3b6 39. Ne4 Bb4 40.
Ng5 Kg8 41. Re8+ Bf8 42. Rxb8 Rxb8 43. Re5 Bxh6 44. Ne4 Bf8 45. d5 Bb4 46. Rg5+
Kf8 47. Rg7 Rd8 48. Rxh7 Ke8 49. Rh8+ Kd7 50. Rxd8+ Kxd8 51. Kb1 Kd7 52. Kc2 a5
53. g5 a4 54. Kd1 Kc7 55. Kc2 Kd7 56. Kc1 Kc7 57. Kd1 Kd7 58. Ke2 c3 59. bxc3
a3 60. cxb4 1-0

[Event "Guillermo Garcia Prem II"]
[Site "Santa Clara CUB"]
[Date "2004.05.24"]
[Round "4"]
[White "Vera, Reynaldo"]
[Black "Zugic, Igor"]
[Result "1-0"]
[WhiteElo "2444"]
[BlackElo "2478"]
[PlyCount "73"]
[EventDate "2004.05.20"]
[EventType "tourn"]
[EventRounds "13"]
[EventCountry "CUB"]
[EventCategory "8"]
[Source "Mark Crowther"]
[SourceDate "2004.05.31"]

1. Nf3 Nf6 2. c4 c5 3. Nc3 Nc6 4. d4 cxd4 5. Nxd4 g6 6. e4 Bg7 7. Be3 O-O 8.
Be2 d6 9. O-O Bd7 10. Re1 Nxd4 11. Bxd4 Bc6 12. Bd3 a5 13. Qd2 Nd7 14. Bxg7
Kxg7 15. Re3 h6 16. Rae1 Nc5 17. Bb1 b6 18. f4 Ra7 19. Rg3 e5 20. f5 g5 21. h4
f6 22. Kf2 Rh8 23. Rh1 Kg8 24. Qe2 Rhh7 25. Bc2 Qb8 26. Rgh3 Qf8 27. Qd1 Rag7
28. g4 Rd7 29. R3h2 Qb8 30. Kf3 Rdg7 31. a3 h5 32. Ke3 hxg4 33. Qxg4 Qd8 34.
hxg5 fxg5 35. f6 Qxf6 36. Qc8+ Kf7 37. Rxh7 1-0

[Event "Guillermo Garcia Prem II"]
[Site "Santa Clara CUB"]
[Date "2004.05.25"]
[Round "5"]
[White "Zugic, Igor"]
[Black "Arancibia, Eduardo"]
[Result "1-0"]
[WhiteElo "2478"]
[BlackElo "2408"]
[PlyCount "113"]
[EventDate "2004.05.20"]
[EventType "tourn"]
[EventRounds "13"]
[EventCountry "CUB"]
[EventCategory "8"]
[Source "Mark Crowther"]
[SourceDate "2004.05.31"]

1. Nf3 Nf6 2. c4 g6 3. d4 Bg7 4. Nc3 d6 5. g3 O-O 6. Bg2 Nbd7 7. O-O e5 8. h3
Re8 9. d5 Nc5 10. b4 Nce4 11. Nxe4 Nxe4 12. Bb2 f5 13. Nd2 Ng5 14. e3 f4 15.
exf4 exf4 16. Bxg7 Kxg7 17. h4 Nf7 18. Ne4 fxg3 19. Qd4+ Ne5 20. fxg3 Bf5 21.
Ng5 h6 22. Ne6+ Bxe6 23. dxe6 Rxe6 24. Bxb7 Rb8 25. Bd5 Re7 26. b5 Qd7 27. Qxa7
Rbe8 28. Rf4 g5 29. hxg5 hxg5 30. Rf2 Qg4 31. Qe3 Rh8 32. Qe4 Qxe4 33. Bxe4
Nxc4 34. Bg2 Re3 35. Rc1 d5 36. Bxd5 Rxg3+ 37. Rg2 Rxg2+ 38. Bxg2 Rh4 39. Bf1
Rg4+ 40. Kf2 Rf4+ 41. Ke1 Re4+ 42. Be2 Nd6 43. Rxc7+ Kf6 44. Kd1 Ra4 45. Rc2
Rb4 46. a3 Ra4 47. Rc3 Ke5 48. b6 Rh4 49. Bf3 g4 50. b7 Rh8 51. Bg2 Kd4 52. Rc7
g3 53. a4 Ke3 54. a5 Rd8 55. Rc3+ Kd4 56. Rxg3 Kc5 57. Kc2 1-0

[Event "Guillermo Garcia Prem II"]
[Site "Santa Clara CUB"]
[Date "2004.05.28"]
[Round "8"]
[White "Zugic, Igor"]
[Black "Lopez Martinez, J."]
[Result "1/2-1/2"]
[WhiteElo "2478"]
[BlackElo "2440"]
[PlyCount "45"]
[EventDate "2004.05.20"]
[EventType "tourn"]
[EventRounds "13"]
[EventCountry "CUB"]
[EventCategory "8"]
[Source "Mark Crowther"]
[SourceDate "2004.06.07"]

1. Nf3 Nf6 2. c4 e6 3. d4 d5 4. Nc3 c6 5. Bg5 h6 6. Bxf6 Qxf6 7. e3 Nd7 8. Bd3
g6 9. O-O Bg7 10. cxd5 exd5 11. b4 Qd6 12. Qb3 O-O 13. b5 Rd8 14. bxc6 bxc6 15.
Rac1 Rb8 16. Qc2 Nb6 17. Na4 Qa3 18. Nc5 Nd7 19. Nxd7 Bxd7 20. Rb1 c5 21. dxc5
Ba4 22. Qe2 Qxc5 23. h3 1/2-1/2

[Event "Guillermo Garcia Prem II"]
[Site "Santa Clara CUB"]
[Date "2004.05.29"]
[Round "9"]
[White "Esquivel, Luis"]
[Black "Zugic, Igor"]
[Result "1/2-1/2"]
[WhiteElo "2314"]
[BlackElo "2478"]
[PlyCount "37"]
[EventDate "2004.05.20"]
[EventType "tourn"]
[EventRounds "13"]
[EventCountry "CUB"]
[EventCategory "8"]
[Source "Mark Crowther"]
[SourceDate "2004.06.07"]

1. d4 Nf6 2. c4 e6 3. Nc3 Bb4 4. Qc2 O-O 5. a3 Bxc3+ 6. Qxc3 b6 7. Bg5 Bb7 8.
e3 h6 9. Bh4 d6 10. f3 Nbd7 11. Bd3 c5 12. Ne2 Rc8 13. b4 cxd4 14. Qxd4 d5 15.
cxd5 e5 16. Qb2 Bxd5 17. e4 Bc4 18. Bxc4 Rxc4 19. O-O 1/2-1/2

[Event "Guillermo Garcia Prem II"]
[Site "Santa Clara CUB"]
[Date "2004.06.01"]
[Round "11"]
[White "Nogueiras, Jesus"]
[Black "Zugic, Igor"]
[Result "1-0"]
[WhiteElo "2482"]
[BlackElo "2478"]
[PlyCount "77"]
[EventDate "2004.05.20"]
[EventType "tourn"]
[EventRounds "13"]
[EventCountry "CUB"]
[EventCategory "8"]
[Source "Mark Crowther"]
[SourceDate "2004.06.07"]

1. d4 d5 2. c4 c6 3. e3 Nf6 4. Nf3 Bg4 5. cxd5 Bxf3 6. Qxf3 cxd5 7. Nc3 Nc6 8.
Bd2 e6 9. Bd3 Be7 10. O-O O-O 11. Qh3 g6 12. f4 Ne8 13. f5 exf5 14. Rxf5 Nb4
15. Bb1 Nd6 16. Rf2 Nc4 17. Bc1 Bh4 18. Rf1 Bg5 19. a3 Nc6 20. Ba2 Rc8 21. e4
Bxc1 22. Raxc1 dxe4 23. Kh1 Nd2 24. Rf2 Nf3 25. gxf3 e3 26. Re2 Re8 27. Rce1
Qxd4 28. Ne4 h5 29. Rxe3 Kg7 30. Bxf7 Kxf7 31. Ng5+ Kf6 32. Re6+ Rxe6 33. Qxe6+
Kxg5 34. Qxc8 Qf6 35. Qh3 Nd4 36. Qg2+ Kh6 37. Qd2+ Kh7 38. Qc3 Qf4 39. Re4 1-0

[Event "Guillermo Garcia Prem II"]
[Site "Santa Clara CUB"]
[Date "2004.06.03"]
[Round "13"]
[White "Gonzalez, Yuri"]
[Black "Zugic, Igor"]
[Result "1/2-1/2"]
[WhiteElo "2481"]
[BlackElo "2478"]
[PlyCount "52"]
[EventDate "2004.05.20"]
[EventType "tourn"]
[EventRounds "13"]
[EventCountry "CUB"]
[EventCategory "8"]
[Source "Mark Crowther"]
[SourceDate "2004.06.07"]

1. e4 c5 2. Nf3 d6 3. d4 cxd4 4. Nxd4 Nf6 5. Nc3 Bd7 6. Bg5 Nc6 7. Qd2 a6 8.
O-O-O e6 9. f3 Rc8 10. Be3 h5 11. Kb1 b5 12. Nxc6 Bxc6 13. Bd3 Be7 14. Qf2 Qc7
15. Rhe1 Nd7 16. Rd2 Ne5 17. h3 h4 18. f4 Nxd3 19. cxd3 b4 20. Ne2 Bf6 21. Nd4
Bxd4 22. Bxd4 f6 23. e5 dxe5 24. fxe5 f5 25. Bc5 b3 26. a3 Bd5 1/2-1/2

[Event "Capablanca mem Premier II"]
[Site "Havana CUB"]
[Date "2004.05.06"]
[Round "1"]
[White "Zugic, Igor"]
[Black "Abreu, Aryam"]
[Result "0-1"]
[WhiteElo "2478"]
[BlackElo "2459"]
[PlyCount "74"]
[EventDate "2004.05.06"]
[EventType "tourn"]
[EventRounds "13"]
[EventCountry "CUB"]
[EventCategory "8"]
[Source "Mark Crowther"]
[SourceDate "2004.05.17"]

1. c4 c5 2. Nc3 Nc6 3. Nf3 Nf6 4. d4 cxd4 5. Nxd4 e6 6. g3 Qb6 7. Nb3 Ne5 8.
Bg2 Nxc4 9. O-O d5 10. e4 dxe4 11. Nxe4 Nxe4 12. Bxe4 Be7 13. Qc2 Qb4 14. Rd1
e5 15. Bxh7 Bg4 16. Rf1 Bh3 17. Rd1 Bg4 18. Rf1 Rc8 19. Qe4 Be6 20. Bf5 Bxf5
21. Qxf5 O-O 22. Rd1 Rcd8 23. Rxd8 Rxd8 24. Bg5 f6 25. Rc1 b5 26. Be3 Nxe3 27.
fxe3 a5 28. Qe6+ Kf8 29. a3 Qe4 30. Rc7 Qxe3+ 31. Kg2 Qe2+ 32. Kh3 Qf1+ 33. Kh4
Re8 34. Kh5 Qe2+ 35. Kg6 Qe4+ 36. Kh5 f5 37. h3 Qf3+ 0-1

[Event "Capablanca mem Premier II"]
[Site "Havana CUB"]
[Date "2004.05.07"]
[Round "2"]
[White "Kallio, Heikki"]
[Black "Zugic, Igor"]
[Result "1/2-1/2"]
[WhiteElo "2484"]
[BlackElo "2478"]
[PlyCount "72"]
[EventDate "2004.05.06"]
[EventType "tourn"]
[EventRounds "13"]
[EventCountry "CUB"]
[EventCategory "8"]
[Source "Mark Crowther"]
[SourceDate "2004.05.17"]

1. e4 e6 2. d4 d5 3. Nc3 Bb4 4. e5 c5 5. a3 Bxc3+ 6. bxc3 Qc7 7. Qg4 f5 8. Qh5+
Qf7 9. Qxf7+ Kxf7 10. Nf3 c4 11. Nh4 Bd7 12. Be3 Ne7 13. h3 h6 14. f4 Nbc6 15.
g4 g6 16. Be2 Raf8 17. Bf3 Rhg8 18. Ke2 Ke8 19. gxf5 Nxf5 20. Nxf5 gxf5 21. Bf2
Kf7 22. Bh4 Kg6 23. a4 b6 24. Kf2 Kh7 25. Bf6 Be8 26. Rhb1 Bf7 27. h4 Rc8 28.
h5 Rb8 29. Be2 Rgc8 30. Bd1 Rg8 31. Bf3 Rbc8 32. Be2 Rb8 33. Bf3 Rbc8 34. Be2
Rb8 35. Bf3 Rbc8 36. Be2 Rb8 1/2-1/2

[Event "Capablanca mem Premier II"]
[Site "Havana CUB"]
[Date "2004.05.08"]
[Round "3"]
[White "Zugic, Igor"]
[Black "Borges Mateos, Juan"]
[Result "0-1"]
[WhiteElo "2478"]
[BlackElo "2426"]
[PlyCount "82"]
[EventDate "2004.05.06"]
[EventType "tourn"]
[EventRounds "13"]
[EventCountry "CUB"]
[EventCategory "8"]
[Source "Mark Crowther"]
[SourceDate "2004.05.17"]

1. d4 d5 2. c4 e6 3. Nc3 Nf6 4. Bg5 Be7 5. e3 O-O 6. Nf3 Nbd7 7. Rc1 a6 8. c5
c6 9. Bd3 e5 10. dxe5 Ne8 11. Bf4 Nxc5 12. Bb1 Ne6 13. Bg3 g6 14. O-O N8g7 15.
h3 b5 16. Nd4 Bb7 17. e4 Nxd4 18. Qxd4 c5 19. Qd2 d4 20. Ne2 Ne6 21. b3 Rc8 22.
Bd3 Rc7 23. f4 Qc8 24. f5 Bg5 25. Nf4 c4 26. fxe6 cxd3 27. exf7+ Rfxf7 28. e6
Rfe7 29. Rxc7 Rxc7 30. Kh2 Bxe4 31. Qb4 Qd8 32. Re1 d2 33. Qxd2 Rc2 34. Qd1
Bxf4 35. Rxe4 Bxg3+ 36. Kxg3 Qd6+ 37. Kf3 Qf8+ 38. Rf4 Qa8+ 39. Re4 Rc3+ 40.
Kf4 Qf8+ 41. Ke5 Rc5+ 0-1

[Event "Capablanca mem Premier II"]
[Site "Havana CUB"]
[Date "2004.05.09"]
[Round "4"]
[White "Rodriguez Guerrero, Enrique"]
[Black "Zugic, Igor"]
[Result "1-0"]
[WhiteElo "2407"]
[BlackElo "2478"]
[PlyCount "81"]
[EventDate "2004.05.06"]
[EventType "tourn"]
[EventRounds "13"]
[EventCountry "CUB"]
[EventCategory "8"]
[Source "Mark Crowther"]
[SourceDate "2004.05.17"]

1. e4 e6 2. d4 d5 3. Nc3 Bb4 4. e5 b6 5. Bd2 Bf8 6. Nf3 Ne7 7. a4 a5 8. h4 h5
9. Bg5 Qd7 10. Bd3 Ba6 11. O-O Bxd3 12. Qxd3 Na6 13. Nd1 Nb4 14. Qd2 c5 15. Ne3
cxd4 16. Qxd4 Nec6 17. Qf4 Bc5 18. Rad1 Bxe3 19. fxe3 Nxc2 20. Rd3 N2b4 21. Rc3
Ne7 22. Rfc1 Ng6 23. Qd4 Na2 24. Rc7 Nxc1 25. Qxb6 Qxc7 26. Qxc7 Ne2+ 27. Kf2
O-O 28. Qc2 Rfc8 29. Qxe2 Rab8 30. Kg3 Rc4 31. Nd4 Rxa4 32. b3 Rab4 33. Qxh5 a4
34. bxa4 Rxa4 35. Nxe6 Rb2 36. Nf4 Nxe5 37. Nxd5 Rg4+ 38. Kh3 f6 39. Ne7+ Kf8
40. Ng6+ Nxg6 41. Qxg6 1-0

[Event "Capablanca mem Premier II"]
[Site "Havana CUB"]
[Date "2004.05.10"]
[Round "5"]
[White "Zugic, Igor"]
[Black "Pecorelli Garcia, Humberto"]
[Result "1-0"]
[WhiteElo "2478"]
[BlackElo "2420"]
[PlyCount "133"]
[EventDate "2004.05.06"]
[EventType "tourn"]
[EventRounds "13"]
[EventCountry "CUB"]
[EventCategory "8"]
[Source "Mark Crowther"]
[SourceDate "2004.05.17"]

1. d4 e6 2. c4 d5 3. Nc3 Be7 4. Nf3 Nf6 5. Bg5 h6 6. Bxf6 Bxf6 7. e3 O-O 8.
cxd5 exd5 9. Bd3 c5 10. dxc5 Bxc3+ 11. bxc3 Nd7 12. c6 bxc6 13. O-O Nc5 14. Nd4
Nxd3 15. Qxd3 c5 16. Ne2 Bb7 17. Nf4 Qd6 18. Rfd1 Rfd8 19. h3 Rd7 20. Qf5 Rad8
21. Rd2 g6 22. Qg4 Qe5 23. Rc1 h5 24. Nd3 Qe7 25. Qf4 Kh7 26. Rcd1 Re8 27. Qa4
Red8 28. Qa3 Rc8 29. Nf4 Qe4 30. Qb3 Rcd8 31. Qb1 Qe7 32. Nxh5 Qe5 33. Ng3 Qxc3
34. Ne4 Qa5 35. Nf6+ Kh6 36. Qb2 Re7 37. Nxd5 Red7 38. e4 Bxd5 39. exd5 Rd6 40.
Qe5 Kh7 41. Re2 Qc7 42. Re4 f6 43. Qf4 Qf7 44. Rde1 R8d7 45. Qh4+ Kg7 46. Re8
g5 47. Qh8+ Kg6 48. Rg8+ Kf5 49. Rge8 Qh7 50. Qf8 Qg7 51. Qxg7 Rxg7 52. Rc1 Rc7
53. Rd1 c4 54. Re3 c3 55. Rc1 Ra6 56. g4+ Kg6 57. Rcxc3 Rxc3 58. Rxc3 Rxa2 59.
Rd3 Rc2 60. Ra3 Rc5 61. d6 Rc6 62. d7 Rd6 63. Rxa7 Rd5 64. Kg2 f5 65. Ra5 Rxd7
66. Rxf5 Rd4 67. Kg3 1-0

[Event "Capablanca mem Premier II"]
[Site "Havana CUB"]
[Date "2004.05.11"]
[Round "6"]
[White "De la Paz, Francisco"]
[Black "Zugic, Igor"]
[Result "1/2-1/2"]
[WhiteElo "2449"]
[BlackElo "2478"]
[PlyCount "91"]
[EventDate "2004.05.06"]
[EventType "tourn"]
[EventRounds "13"]
[EventCountry "CUB"]
[EventCategory "8"]
[Source "Mark Crowther"]
[SourceDate "2004.05.17"]

1. e4 e6 2. d4 d5 3. Nd2 h6 4. Ngf3 Nf6 5. e5 Nfd7 6. Bd3 c5 7. c3 Be7 8. O-O
b6 9. Re1 a5 10. c4 Bb7 11. cxd5 Bxd5 12. Be4 Bxe4 13. Nxe4 cxd4 14. Qxd4 Nc6
15. Qa4 Qc7 16. Nc3 O-O 17. Qg4 Kh7 18. Nb5 Qb7 19. Bf4 Nb4 20. Rad1 Nc5 21.
Nd6 Bxd6 22. exd6 Rad8 23. Re2 Nxa2 24. Be3 Nb4 25. Bd4 f5 26. Qf4 Ne4 27. Be5
Nd5 28. Qc1 Nxd6 29. Nd4 Rfe8 30. Rde1 Ne4 31. f3 Nc5 32. Qb1 Qf7 33. Nb5 Qg6
34. Nd6 Re7 35. Nc4 b5 36. Nxa5 Nb4 37. Bg3 Ra7 38. Bf2 Nbd3 39. Bxc5 Rxa5 40.
Rxe6 Qf7 41. Re7 Qf6 42. R1e6 Qxb2 43. Qxb2 Nxb2 44. h4 Ra4 45. Bd6 Nd3 46. Bc7
1/2-1/2

[Event "Capablanca mem Premier II"]
[Site "Havana CUB"]
[Date "2004.05.12"]
[Round "7"]
[White "Zugic, Igor"]
[Black "Borriss, Martin"]
[Result "1-0"]
[WhiteElo "2478"]
[BlackElo "2441"]
[PlyCount "185"]
[EventDate "2004.05.06"]
[EventType "tourn"]
[EventRounds "13"]
[EventCountry "CUB"]
[EventCategory "8"]
[Source "Mark Crowther"]
[SourceDate "2004.05.17"]

1. d4 Nf6 2. c4 g6 3. Nc3 Bg7 4. Nf3 O-O 5. g3 d6 6. Bg2 Nbd7 7. O-O e5 8. h3
a6 9. e4 b5 10. Qc2 Bb7 11. dxe5 dxe5 12. Rd1 Qb8 13. Nd5 c6 14. Nxf6+ Nxf6 15.
Be3 Re8 16. a4 Bf8 17. Nd2 Rd8 18. Nb3 Be7 19. Bb6 Rxd1+ 20. Rxd1 Qe8 21. Nc5
Bc8 22. Qc3 Nd7 23. Nxd7 Bxd7 24. axb5 axb5 25. cxb5 cxb5 26. Qxe5 Bf8 27. Qxe8
Bxe8 28. e5 Rc8 29. Rd8 Rxd8 30. Bxd8 Bc5 31. Bc7 Bd7 32. g4 Be6 33. Bd6 Bd4
34. b4 g5 35. Bc6 Bc4 36. Kg2 Kg7 37. Kg3 Bc3 38. h4 h6 39. h5 Bd2 40. Kf3 Bd3
41. Be4 Bc4 42. Bf5 Bd5+ 43. Ke2 Bc3 44. Ke3 Bb2 45. Bd3 Bc6 46. Be4 Bd7 47. f3
Be6 48. Bc6 Bc4 49. Ke4 Be2 50. Bc5 Bc3 51. Bd7 Bc4 52. Bc8 Be2 53. Bb7 Bc4 54.
Bd5 Be2 55. e6 fxe6 56. Bxe6 Kf6 57. Bd5 Bd1 58. Kd3 Be5 59. Bc6 Ke6 60. Bf8
Bd6 61. Bxh6 Kf6 62. Kc3 Be2 63. Be4 Bc4 64. f4 Bxf4 65. Bf8 Be5+ 66. Kc2 Be6
67. Bf5 Bc4 68. Bc5 Kg7 69. Kd2 Bb2 70. Bc2 Be6 71. Ke3 Bc1+ 72. Ke4 Bd7 73.
Be3 Ba3 74. Bd2 Kh6 75. Ke5 Bb2+ 76. Kd6 Be8 77. Bd3 Bf6 78. Bf5 Bg7 79. Bd7
Bf8+ 80. Ke6 Bxh5 81. gxh5 Kxh5 82. Bxb5 g4 83. Bc6 Kh4 84. b5 Bc5 85. Bf4 Kh3
86. Bd6 Bb6 87. Kd7 g3 88. Bd5 g2 89. Bxg2+ Kxg2 90. Kc6 Ba5 91. Bc7 Bc3 92. b6
Bd4 93. b7 1-0

[Event "Capablanca mem Premier II"]
[Site "Havana CUB"]
[Date "2004.05.14"]
[Round "8"]
[White "Zambrana, Oswaldo"]
[Black "Zugic, Igor"]
[Result "1/2-1/2"]
[WhiteElo "2472"]
[BlackElo "2478"]
[PlyCount "108"]
[EventDate "2004.05.06"]
[EventType "tourn"]
[EventRounds "13"]
[EventCountry "CUB"]
[EventCategory "8"]
[Source "Mark Crowther"]
[SourceDate "2004.05.17"]

1. e4 c6 2. d4 d5 3. e5 Bf5 4. Nc3 Qd7 5. Nge2 e6 6. Be3 Ne7 7. Nf4 a6 8. g4
Bg6 9. h4 h6 10. Nxg6 Nxg6 11. h5 Ne7 12. Na4 Qc7 13. Nc5 b6 14. Nd3 Nd7 15. f4
c5 16. c3 c4 17. Nf2 Nc6 18. f5 b5 19. fxe6 fxe6 20. Nh3 Be7 21. Qc2 O-O-O 22.
Nf4 Nf8 23. Ng6 Nxg6 24. Qxg6 Qd7 25. Bh3 Bh4+ 26. Ke2 Rdf8 27. Raf1 Nd8 28.
Rxf8 Rxf8 29. Bg2 Qe7 30. Bxd5 exd5 31. Qxa6+ Kc7 32. Rxh4 Qxh4 33. Qd6+ Kc8
34. Qxf8 Qxg4+ 35. Qf3 Qxf3+ 36. Kxf3 Kd7 37. b3 cxb3 38. axb3 Ke6 39. c4 bxc4
40. bxc4 Nc6 41. cxd5+ Kxd5 42. Kf4 Ne7 43. Bf2 g5+ 44. Kg4 Ke4 45. Bg1 Nd5 46.
Bh2 Ne3+ 47. Kg3 Nf5+ 48. Kg4 Nxd4 49. e6 Nxe6 50. Bd6 Kd5 51. Ba3 Ke5 52. Be7
Ke4 53. Bd6 Nf4 54. Bf8 Nxh5 1/2-1/2

[Event "Capablanca mem Premier II"]
[Site "Havana CUB"]
[Date "2004.05.16"]
[Round "10"]
[White "Nogueiras, Jesus"]
[Black "Zugic, Igor"]
[Result "1-0"]
[WhiteElo "2482"]
[BlackElo "2478"]
[PlyCount "109"]
[EventDate "2004.05.06"]
[EventType "tourn"]
[EventRounds "13"]
[EventCountry "CUB"]
[EventCategory "8"]
[Source "Mark Crowther"]
[SourceDate "2004.05.24"]

1. Nf3 c5 2. c4 Nc6 3. d4 cxd4 4. Nxd4 g6 5. e4 Bg7 6. Nc2 d6 7. Be2 Nf6 8. Nc3
O-O 9. O-O Nd7 10. Bd2 Nc5 11. b4 Ne6 12. Rc1 Ned4 13. Nxd4 Nxd4 14. Be3 Nxe2+
15. Qxe2 Bxc3 16. Rxc3 a5 17. b5 f6 18. c5 dxc5 19. Rd1 Qe8 20. Bh6 Rf7 21.
Rcd3 Be6 22. Qd2 Rf8 23. Bxf8 Kxf8 24. Rd8 Rxd8 25. Qxd8 Bc4 26. Qxa5 Qxb5 27.
Qxb5 Bxb5 28. Rd8+ Kf7 29. f3 c4 30. Kf2 h5 31. Ke3 h4 32. Kd4 g5 33. Rd5 Ba6
34. Kc3 Ke6 35. a4 Kf7 36. a5 Ke6 37. g3 hxg3 38. hxg3 Kf7 39. f4 gxf4 40. gxf4
Ke8 41. Kd4 Kf7 42. Rd8 Ke6 43. f5+ Kf7 44. Rc8 Bb5 45. Rc7 Ba6 46. e5 fxe5+
47. Kxe5 Ke8 48. Ke6 Kd8 49. Rc5 c3 50. Rxc3 Bb5 51. Rc5 Ba4 52. Kf7 Bb3+ 53.
Kf8 Ba2 54. Re5 Bb1 55. Rd5+ 1-0

[Event "Capablanca mem Premier II"]
[Site "Havana CUB"]
[Date "2004.05.17"]
[Round "11"]
[White "Zugic, Igor"]
[Black "Hernandez, Roman"]
[Result "1/2-1/2"]
[WhiteElo "2478"]
[BlackElo "2420"]
[PlyCount "79"]
[EventDate "2004.05.06"]
[EventType "tourn"]
[EventRounds "13"]
[EventCountry "CUB"]
[EventCategory "8"]
[Source "Mark Crowther"]
[SourceDate "2004.05.24"]

1. d4 Nf6 2. c4 e6 3. Nc3 Bb4 4. e3 c5 5. Nge2 d5 6. a3 cxd4 7. exd4 Bxc3+ 8.
Nxc3 dxc4 9. Bxc4 Nc6 10. Be3 O-O 11. O-O b6 12. Qd3 Bb7 13. Rad1 h6 14. Rfe1
Rc8 15. Bf4 Ne7 16. Ba2 Ng6 17. Bc1 Nd5 18. Ne4 Rc7 19. Qg3 Rd7 20. Bb1 Nde7
21. Nc3 Rxd4 22. Rxd4 Qxd4 23. Rd1 Qf6 24. Rd7 Ba8 25. Rxa7 Nf5 26. Bxf5 Qxf5
27. h3 Qc2 28. Be3 Qxb2 29. Na4 Qxa3 30. Qc7 Qa1+ 31. Kh2 Qe5+ 32. Qxe5 Nxe5
33. Nxb6 Be4 34. f3 Bg6 35. Ra8 Rxa8 36. Nxa8 Bd3 37. Nb6 Bb5 38. Nc8 Nc4 39.
Bc5 f6 40. Nd6 1/2-1/2

[Event "Capablanca mem Premier II"]
[Site "Havana CUB"]
[Date "2004.05.18"]
[Round "12"]
[White "Zugic, Igor"]
[Black "Rohl Montes, Juan Armando"]
[Result "1/2-1/2"]
[WhiteElo "2478"]
[BlackElo "2388"]
[PlyCount "48"]
[EventDate "2004.05.06"]
[EventType "tourn"]
[EventRounds "13"]
[EventCountry "CUB"]
[EventCategory "8"]
[Source "Mark Crowther"]
[SourceDate "2004.05.24"]

1. d4 Nf6 2. c4 g6 3. Nc3 Bg7 4. Nf3 O-O 5. g3 d6 6. Bg2 Nc6 7. O-O Rb8 8. h3
Bf5 9. b3 e5 10. d5 Ne7 11. Ne1 Ne8 12. e4 Bd7 13. Be3 a6 14. Rc1 f5 15. Nd3
Nf6 16. exf5 Nxf5 17. c5 Nxe3 18. fxe3 Qe7 19. cxd6 cxd6 20. Kh2 Rbc8 21. Nf2
Bh6 22. Qd2 e4 23. Qd4 Bg7 24. Qd2 Bh6 1/2-1/2

[Event "CMA Futurity IV"]
[Site "Toronto CAN"]
[Date "2003.07.25"]
[Round "1"]
[White "Moiseenko, Alexander"]
[Black "Zugic, Igor"]
[Result "1/2-1/2"]
[WhiteElo "2618"]
[BlackElo "2455"]
[PlyCount "78"]
[EventDate "2003.07.25"]
[EventType "schev"]
[EventRounds "10"]
[EventCountry "CAN"]
[Source "Mark Crowther"]
[SourceDate "2003.08.11"]

1. d4 Nf6 2. c4 e6 3. Nc3 Bb4 4. g3 c5 5. Nf3 cxd4 6. Nxd4 O-O 7. Bg2 d5 8.
cxd5 Nxd5 9. Qb3 Qa5 10. Bd2 Nc6 11. Nxc6 bxc6 12. O-O Bxc3 13. Bxc3 Nxc3 14.
bxc3 Ba6 15. Qb4 Qxb4 16. cxb4 Rab8 17. a3 Bxe2 18. Rfc1 Rfc8 19. Bxc6 Kf8 20.
f4 Ke7 21. Kf2 Ba6 22. Be4 h6 23. Ke3 g5 24. Rab1 Rxc1 25. Rxc1 Rc8 26. Rxc8
gxf4+ 27. gxf4 Bxc8 28. Kd4 Kd6 29. b5 f6 30. Kc4 e5 31. f5 Kc7 32. a4 Bb7 33.
Bxb7 Kxb7 34. a5 Kc8 35. Kd5 Kd7 36. Kc5 Kc7 37. Kd5 Kd7 38. Kc5 Kc7 39. Kd5
Kd7 1/2-1/2

[Event "CMA Futurity IV"]
[Site "Toronto CAN"]
[Date "2003.07.26"]
[Round "2"]
[White "Zugic, Igor"]
[Black "Milicevic, Goran"]
[Result "1-0"]
[WhiteElo "2455"]
[BlackElo "2348"]
[PlyCount "77"]
[EventDate "2003.07.25"]
[EventType "schev"]
[EventRounds "10"]
[EventCountry "CAN"]
[Source "Mark Crowther"]
[SourceDate "2003.07.28"]

1. d4 Nf6 2. Nf3 c5 3. d5 e6 4. c4 a6 5. a4 exd5 6. cxd5 Bd6 7. g3 b5 8. axb5
Bb7 9. bxa6 Nxa6 10. Bg5 O-O 11. Nc3 h6 12. Bxf6 Qxf6 13. Bg2 Nb4 14. Rxa8 Rxa8
15. O-O Bf8 16. Qd2 d6 17. Rd1 Ba6 18. Ra1 Re8 19. e3 Rb8 20. Ne1 g6 21. Bf1
Bxf1 22. Kxf1 Bg7 23. Kg2 Qf5 24. Rd1 h5 25. f3 c4 26. e4 Qc8 27. Qe2 Qc5 28.
Rd2 Bd4 29. Na4 Qa7 30. Qxc4 Be3 31. Re2 Qxa4 32. Rxe3 Qd1 33. Qe2 Qd4 34. Rc3
Na6 35. Nc2 Qa7 36. Ne3 Qb7 37. Nc4 Qb4 38. e5 dxe5 39. Qxe5 1-0

[Event "CMA Futurity IV"]
[Site "Toronto CAN"]
[Date "2003.07.27"]
[Round "4"]
[White "Zugic, Igor"]
[Black "Cramling, Pia"]
[Result "1-0"]
[WhiteElo "2455"]
[BlackElo "2488"]
[PlyCount "93"]
[EventDate "2003.07.25"]
[EventType "schev"]
[EventRounds "10"]
[EventCountry "CAN"]
[Source "Mark Crowther"]
[SourceDate "2003.07.28"]

1. c4 e5 2. Nc3 Nf6 3. Nf3 Nc6 4. g3 Bc5 5. Bg2 d6 6. O-O a6 7. d3 h6 8. a3 O-O
9. e3 Ba7 10. h3 Be6 11. b4 e4 12. dxe4 Bxc4 13. Re1 Ne5 14. Nd2 b5 15. Nxc4
bxc4 16. Qc2 c6 17. Rd1 Qe7 18. Bb2 Rfd8 19. Ne2 Nd3 20. Rxd3 cxd3 21. Qxd3 a5
22. bxa5 Bc5 23. Nd4 Qb7 24. Bc3 Bxd4 25. Qxd4 Qb3 26. Qb4 Rdb8 27. Qxb3 Rxb3
28. Bb4 c5 29. e5 Ra7 30. exf6 cxb4 31. axb4 Rxb4 32. fxg7 Kxg7 33. a6 Rb6 34.
Bf1 Rc6 35. Kg2 Kf6 36. Ra4 Rc1 37. Bc4 Rd1 38. Ra5 Rd2 39. Bd5 Rxa6 40. Rxa6
Rxd5 41. Ra4 Re5 42. Rd4 d5 43. Kf3 h5 44. Ke2 Ke6 45. f4 Rf5 46. Ra4 Ke7 47.
Ra5 1-0